| 000 | 00674nam a2200205 u 4500 | ||
|---|---|---|---|
| 005 | 20210223131501.0 | ||
| 008 | 110323s2006 ag r 000 0 spa d | ||
| 020 | _a9682326680 | ||
| 035 | _aUPN01000179833 | ||
| 049 | _aCG | ||
| 050 | 4 |
_aQH541.5 S3 _bC3.5 |
|
| 100 | 1 |
_aCalcagno, Javier, _d1960- _931589 |
|
| 245 | 1 | 3 |
_aEl mar : _bhizo falta tanta agua para disolver tanta sal-- / _cJavier Calcagno, Gustavo Lovrich. |
| 260 |
_aBuenos Aires : _bUniversidad Nacional de Quilmes : _bSiglo XXI, _cc2006. |
||
| 300 |
_a102 p. : _bil. |
||
| 440 | 0 | _aCiencia que ladra | |
| 650 | 4 |
_aOCEANO - _vLITERATURA JUVENIL _911145 |
|
| 700 | 1 |
_aLovrich, Gustavo, _ecoaut. |
|
| 905 | _aLibro | ||
| 999 |
_c151936 _d151936 |
||